00937nam a2200277Ia 4500003000400000005001700004006001800021007000300039008004100042024001100083037001100094040001800105041001300123100002800136110009000164245012700254260000900381300001800390650002700408700002900435700004000464700003400504700009000538942001200628999001900640OSt20220930090436.0a|||||r|||| 00| 0ta220926b |||||||| |||| 00| 0 eng d a109529 cTheses aCRLcCRLbeng 2engaeng aDulgach Pratima9542472 aUniversity of Delhi. Faculty of Medical Sciences. Department of Ophthalmology9520086 0aEvaluation of external dacryocystorhinostomy with membranectomy and silicone intubation in distal common canalicular block c2010 a73p.ap.ccm. aEYE - DISEASES9197938 a Dr. Kamlesh Gu.9532905 a Dr. Shelley K. Chaddha Gu.9542473 a Dr. Sushil Kumar Gu.9534050 aUniversity of Delhi. Faculty of Medical Sciences. Department of Ophthalmology9520088 cDIS2CC c880553d880553